000 00536nam a2200121Ia 4500
008 220620s9999||||xx |||||||||||||| ||und||
100 _aZekebweliwai Geh||Issa Faye||El-Hadj M. Bah
245 0 _aHousing Market Dynamics in Africa
546 _aEnglish[eng]
650 _aEconomics||Slum upgrading||Construction||Urban planning||Property rights||Africa||Housing finance||Political economy||Public policy||Land tenure||Real estate||Housing development
856 _uhttps://link.springer.com/book/10.1057%2F978-1-137-59792-2
942 _cEB
999 _c23647
_d23647